Κοινωνική Ψυχολογία / Εισαγωγή στη Μελέτη της Κοινωνικής Συμπεριφοράς (Record no. 5031)
[ view plain ]
| 000 -LEADER | |
|---|---|
| fixed length control field | 01355cam a22001934a 4500 |
| 005 - ΗΜΕΡΟΜΗΝΙΑ ΚΑΙ ΩΡΑ ΤΕΛΕΥΤΑΙΑΣ ΕΝΗΜΕΡΩΣΗΣ | |
| Πεδίο ελέγχου | 20250605164202.0 |
| 008 - FIXED-LENGTH DATA ELEMENTS--GENERAL INFORMATION | |
| Πεδίο ελέγχου σταθερού μήκους | 250528s ||||||||||||||||||||||||d |
| 035 ## - SYSTEM CONTROL NUMBER | |
| System control number | 19775 |
| 020 ## - ISBN | |
| ISBN | 9604022008 |
| 040 ## - ΠΗΓΗ ΚΑΤΑΛΟΓΟΓΡΑΦΗΣΗΣ | |
| Φορέας πρωτότυπης καταλογογράφησης | MC Athens Campus Library |
| Γλώσσα καταλογογράφησης | Ελληνικά, Μοντέρνα (1453-) |
| Modifying agency | MC Athens Campus Library |
| Κανόνες περιγραφικής καταλογογράφησης | AACR2 |
| 245 1# - ΤΙΤΛΟΣ ΚΑΙ ΔΗΛΩΣΗ ΥΠΕΥΘΥΝΟΤΗΤΑΣ | |
| Τίτλος | Κοινωνική Ψυχολογία / Εισαγωγή στη Μελέτη της Κοινωνικής Συμπεριφοράς |
| 260 ## - PUBLICATION, DISTRIBUTION, ETC. | |
| Name of publisher, distributor, etc. | Τυπωθήτω, |
| Date of publication, distribution, etc. | 2006 |
| 300 ## - PHYSICAL DESCRIPTION | |
| Extent | 400 |
| 520 ## - SUMMARY, ETC. | |
| Summary, etc. | Το αντικείμενο μελέτης της Κοινωνικής Ψυχολογίας είναι η κοινωνική συμπεριφορά. Πρόλογος, Εισαγωγή: Το Αντικείμενο και οι Μέθοδοι της Κοινωνικής Ψυχολογίας, Κοινωνική Νόηση, Κοινωνική Απόδοση, Στάσεις, Κοινωνική Επιρροή, Κοινωνικές Ομάδες: Επίδοση και Ηγεσία και Λήψη Αποφάσεων, Προκατάληψη και Διομαδικές Σχέσεις, Επιθετικότητα, Θετική Κοινωνική Συμπεριφορά, Διαπροσωπικές Σχέσεις, Βιβλιογραφία, Ευρετήριο Ονομάτων και Όρων. |
| 700 1# - ΠΡΟΣΘΕΤΗ ΑΝΑΓΡΑΦΗ--ΦΥΣΙΚΟ ΠΡΟΣΩΠΟ | |
| Personal name | Κοκκινάκη Φλώρα |
| 9 (RLIN) | 5542 |
| 942 ## - ADDED ENTRY ELEMENTS (KOHA) | |
| Koha item type | Books |
| Τύπος τεκμηρίου | Βιβλιοθήκη | Τρέχουσα τοποθεσία | Τοποθεσία | Barcode | Αριθμός εισαγωγής | Ημερομηνία απόκτησης | Ταξιθετικό σύμβολο | Αριθμός αντιτύπου | Κατάσταση απόσυρσης | Κατάσταση χαμένου | Κατάσταση κατεστραμμένου | Μη δανεισμός | Σύνολο δανεισμών | Ημερομηνία τελευταίας εμφάνισης | Η τιμή ισχύει από |
|---|---|---|---|---|---|---|---|---|---|---|---|---|---|---|---|
| Books | MC Athens Campus Library | MC Athens Campus Library | Παράρτημα Γλυφάδας | 9780000050304 | 7441 | 05/06/2025 | 302 KOK | 1 | 05/06/2025 | 05/06/2025 |